000 00442 a2200169 4500
005 20260429144619.0
008 260427b |||||||| |||| 00| 0 eng d
020 _a9789359260396
080 _aFM
_bTHA/P
100 _a Thampi,P.V
245 _aPallivetta (പള്ളിവേട്ട)
250 _a2nd
260 _bManorama books
_aKottayam
_c2025
300 _a468p.
653 _aFiction-Novel-Malayalam Literature
942 _cBK
999 _c116161
_d116160